000 00693nam a2200253Ia 4500
003 OSt
005 20220918110126.0
006 a|||||r|||| 00| 0
007 ta
008 220915b |||||||| |||| 00| 0 eng d
024 _a87896
037 _cReference Collections
040 _aARTS
_cARTS
_beng
041 _2eng
_aeng
082 _aS1, L2(RR)
100 _aSmart R C
_95912
245 0 _aReadings in child; development and relationship
260 _aNew York
_bMacMillan
_c1972
300 _axvii, 535p.
650 _aPSYCHOLOGY
700 _a Smaet M S
_95913
942 _hS1, L2(RR)
_cREF
999 _c111250
_d111250